Oracle Developer/2000, Hand book (Record no. 3565)

MARC details
000 -LEADER
fixed length control field 00425nam a22001817a 4500
005 - DATE AND TIME OF LATEST TRANSACTION
control field 20180208112833.0
008 - FIXED-LENGTH DATA ELEMENTS--GENERAL INFORMATION
fixed length control field 160622b xxu||||| |||| 00| 0 eng d
020 ## - INTERNATIONAL STANDARD BOOK NUMBER
ISBN 0-07-463274-4
041 ## - LANGUAGE CODE
Language code of text/sound track or separate title eng
082 ## - DEWEY DECIMAL CLASSIFICATION NUMBER
Item number 9032
Classification number 005.7585
100 ## - MAIN ENTRY--AUTHOR NAME
Personal name Muller, Robert J
245 ## - TITLE STATEMENT
Title Oracle Developer/2000, Hand book
250 ## - EDITION STATEMENT
Edition statement 2nd ed.
260 ## - PUBLICATION, DISTRIBUTION, ETC. (IMPRINT)
Name of publisher TMH
Year of publication 1999
300 ## - PHYSICAL DESCRIPTION
Number of Pages 673
650 ## - SUBJECT ADDED ENTRY--TOPICAL TERM
Topical Term Management
942 ## - ADDED ENTRY ELEMENTS (KOHA)
Koha item type Books
Holdings
Lost status Damaged status Collection code Home library Current library Shelving location Date acquired Full call number Accession Number Koha item type
    CS/IT JRU Library JRU Library SHELF-53-E 22/06/2016 005.7585 9032 Books
    CS/IT JRU Library JRU Library SHELF-53-E 22/06/2016 005.7585 9033 Books